[Event "ESP-ch Rapid 2018"]
[Site "Linares"]
[Date "2018.08.19"]
[Round "2"]
[White "Cuenca Jimenez, Jose Fernando"]
[Black "Galvez Extremera, Francisco"]
[Result "1-0"]
[WhiteElo "2506"]
[BlackElo "2142"]
[Annotator "TA"]
[PlyCount "19"]
[EventDate "2018.08.19"]
[EventType "team-tourn"]
[EventCountry "ESP"]
[SourceTitle "playchess.com"]
[Source "ChessBase"]
[SourceQuality "1"]

{[%evp 9,19,129,292,296,286,281,286,283,299,292,290,286]} 1. Nf3 Nf6 {[%cal Bg8f6,Bf6d5,Bd5b4][%mdl 32]} 2. c4 d5 3. cxd5 Nxd5 4. e4 Nb4 (4... Nb6 5. d4 g6 6. Be3 Bg7 7. Nc3 O-O 8. Be2 Bg4 9. Rc1 Nc6 10. d5 Bxf3 11. gxf3 Ne5 12. b3 Ned7 13. h4 c6 14. dxc6 Rc8 15. cxd7 Rxc3 16. Rxc3 Bxc3+ {1-0 (38) Bartel,M (2653)-Mroziak,M (2306) Katowice 2016}) 5. d4 Bg4 $2 {[#]} (5... e6 $16 6. Nc3 Nd7) 6. Qa4+ $18 {Weiß hat entscheidenden Vorteil. A09: Reti-Eröffnung} N8c6 7. d5 Nxd5 $146 ({Vorgänger:} 7... Bxf3 8. dxc6 bxc6 9. gxf3 Rb8 10. Be3 e6 11. Nc3 Be7 12. Rd1 Qc8 {1-0 (23) Labadie,J (1958)-Poivre,A (1627) Lille 2015}) 8. exd5 Bxf3 9. dxc6 ({Auf keinen Fall} 9. gxf3 Qxd5 10. Nc3 Qxf3 $18) 9... Bxc6 10. Bb5 1-0

[Event "ESP-ch Rapid 2018"]
[Site "Linares"]
[Date "2018.08.19"]
[Round "2"]
[White "Ladron De Guevara Pinto, Paolo"]
[Black "Riquelme Valero, Manuel Damian"]
[Result "1-0"]
[WhiteElo "2424"]
[BlackElo "2150"]
[Annotator "TA"]
[PlyCount "51"]
[EventDate "2018.08.19"]
[EventType "team-tourn"]
[EventCountry "ESP"]
[SourceTitle "playchess.com"]
[Source "ChessBase"]
[SourceQuality "1"]

{[%evp 9,51,45,56,44,44,-12,-18,0,28,33,33,34,61,38,44,52,97,19,24,26,13,2,119,114,117,84,85,92,83,91,85,77,122,115,125,112,161,168,282,285,257,262,289,231]} 1. e4 c6 2. d4 d5 3. e5 Na6 4. c4 (4. Nd2 Nc7 5. Bd3 g6 6. Ne2 Nh6 7. Ng3 Bg4 8. f3 Be6 9. Nb3 b6 10. Bf4 Qd7 11. Qd2 Nf5 {1-0 (34) Barbosa,E (2518)-Menna Barreto,F (2293) Florianopolis 2018}) 4... Nc7 5. Nc3 Be6 6. cxd5 $146 {B12: Caro-Kann: Advance Variation} ({Predecessor:} 6. b3 g6 7. h3 h5 8. Nf3 Nh6 9. Be2 Nf5 10. Bg5 Qd7 11. Qd2 Bg7 {0-1 (71) Danstrup,N-Rewitz,P (2250) Tonder 1993}) 6... Bxd5 7. Nf3 (7. Nge2 $14) 7... Bxf3 $11 8. Qxf3 {The position is equal.} e6 9. Be3 Ne7 10. Bd3 Ng6 11. O-O-O Bb4 12. Ne4 $36 {[%mdl 2048] White has some pressure.} Nd5 13. Bg5 (13. h4 $16) 13... Qb6 $1 {[%cal Rb6d4]} 14. Bc2 h6 15. Be3 Rf8 (15... Nh4 $1 $11 16. Qh3 Be7) 16. a3 Be7 17. g3 O-O-O 18. h4 {[%cal Bh2h4,Bh4h5][%mdl 32]} Kb8 19. h5 Nh8 20. Rd3 f6 21. exf6 Bxf6 22. Qg4 {And now Rb3 would win.} Nxe3 23. fxe3 {Rb3 is the strong threat.} e5 (23... Rde8 {might work better.} 24. Nc5 Re7 25. Nxe6 Rfe8) 24. Rb3 $18 {White has a decisive advantage.} Qa5 25. Nc5 b6 26. Nd7+ {Precision: White = 51%, Black = 39%.} 1-0

[Event "ESP-ch Rapid 2018"]
[Site "Linares"]
[Date "2018.08.19"]
[Round "2"]
[White "Tejedor Fuente, Enrique"]
[Black "Perera Borrego, Maria Adela"]
[Result "1-0"]
[WhiteElo "2408"]
[BlackElo "2177"]
[Annotator "TA"]
[PlyCount "67"]
[EventDate "2018.08.19"]
[EventType "team-tourn"]
[EventCountry "ESP"]
[SourceTitle "playchess.com"]
[Source "ChessBase"]
[SourceQuality "1"]

{[%evp 20,67,22,0,14,4,8,0,180,182,186,171,183,181,168,174,184,133,148,0,188,179,192,169,232,215,235,200,253,245,314,219,462,445,424,402,554,551,552,546,607,616,619,619,665,597,716,649,609,607]} 1. e4 e6 2. d4 d5 3. Nd2 c5 4. Ngf3 cxd4 5. exd5 Qxd5 6. Bc4 Qd6 7. O-O Nf6 8. Nb3 Nc6 9. Nbxd4 Nxd4 10. Nxd4 Be7 11. Nb5 {LiveBook: 9 Partien. C07: Französische Verteidigung (Tarrasch-Variante)} (11. c3 Qc7 12. Bb3 O-O 13. Qf3 Bd7 14. Re1 Rfe8 15. h3 Rad8 16. Bf4 Qb6 17. Re2 Nd5 18. Bxd5 exd5 19. Rae1 Bc5 20. Rxe8+ Rxe8 21. Rxe8+ Bxe8 22. Qxd5 Bxd4 23. Qxd4 Qxd4 24. cxd4 {½-½ (30) Karjakin,S (2760)-Nakamura,H (2776) Zuerich 2015}) 11... Qc5 12. Qe2 {Mit der Idee Le3.} (12. Be2 {seems wilder.} a6 13. Be3 Qe5 14. Na3 Bd6 15. g3) 12... O-O $146 ({Vorgänger:} 12... a6 13. b4 Qc6 14. Bf4 O-O 15. Nd4 Qe4 16. Qxe4 Nxe4 17. Rfe1 Nc3 18. a3 Bd7 {1-0 (66) Kristinsson,B (2185)-Ragnarsson,D (2340) Reykjavik 2018}) 13. Be3 {Die Stellung ist ausgeglichen.} Qf5 $2 (13... Qc6 $1 $11) 14. Nc7 $18 ({Viel schwächer ist} 14. Bxa7 $6 Bd7 $14) 14... Bd7 15. Nxa8 Rxa8 16. Qd3 Qh5 17. Qd1 Qh4 18. Qd4 ({Günstiger ist} 18. Be2 $18) 18... Qh5 $16 19. Qd1 Qh4 $1 {[%cal Rh4c4]} 20. Be2 e5 21. Bf3 Qb4 (21... Ng4 $142 22. Bxg4 Qxg4 23. Qxg4 Bxg4) 22. a3 $18 {[%cal Ba2a3,Ba3a4][%mdl 32]} Qb5 23. a4 Qa6 24. Qd3 {[#] Droht Dxa6 und aus.} Qe6 {Schwarz will ...e4 spielen.} 25. Qb3 Qf5 $2 (25... Qxb3 {war einen Versuch wert.} 26. cxb3 e4) 26. Qxb7 Rc8 27. Rad1 {[%cal Ba1d1,Bd1d7,Bd7b7][%mdl 32]} Rxc2 {[#]} 28. Be4 $1 {[%mdl 512] Weiß steht klar auf Gewinn.} Qxe4 29. Rxd7 Qxb7 30. Rxb7 Kf8 31. Rc1 Rxc1+ 32. Bxc1 Bc5 33. b4 Bd4 34. Be3 {Precision: Weiß = 67%, Schwarz = 43%.} 1-0

[Event "ESP-ch Rapid 2018"]
[Site "Linares"]
[Date "2018.08.19"]
[Round "2"]
[White "Pallardo Lozoya, Jose Vicente"]
[Black "Centron Antuna, Daniel"]
[Result "1-0"]
[WhiteElo "2382"]
[BlackElo "2231"]
[Annotator "TA"]
[PlyCount "65"]
[EventDate "2018.08.19"]
[EventType "team-tourn"]
[EventCountry "ESP"]
[SourceTitle "playchess.com"]
[Source "ChessBase"]
[SourceQuality "1"]

{[%evp 28,65,-27,-25,0,0,9,0,0,0,0,0,0,0,58,0,0,-10,132,79,270,106,118,0,139,0,525,512,509,504,479,0,0,0,0,0,0,0,29997,29998]} 1. e4 c5 2. Nc3 g6 3. g3 Bg7 4. Bg2 e6 5. d3 Nc6 6. Be3 d6 7. f4 Nge7 8. Nf3 O-O 9. O-O Nd4 10. e5 Nef5 11. Bf2 Nxf3+ {B25: Closed Sicilian: 3 g3, lines without early Be3} 12. Bxf3 dxe5 13. fxe5 Bxe5 14. Bxc5 Bd4+ 15. Bxd4 {LiveBook: 6 Games} Qxd4+ 16. Rf2 $1 h5 $146 ({Predecessor:} 16... Bd7 17. Ne4 Ne3 18. Qd2 f5 19. c3 {1-0 (46) Rodriguez Vila,A (2485)-Zambrana,O (2404) Santiago de Chile 2004}) 17. Ne4 Qxb2 18. c3 Qb6 19. Bxh5 gxh5 20. Rb1 Qc7 (20... Qe3 $11 21. Qxh5 Kg7 22. Qg4+ Kh7) 21. Nf6+ (21. Qxh5 f6 $11) (21. g4 $14 Nd6 22. Nf6+ Kg7 23. Nxh5+ Kh7 24. Nf6+ Kg7 25. Nh5+ Kh7 26. Nf6+ Kg7 27. Nh5+) 21... Kg7 $11 22. Nxh5+ Kh6 (22... Kh7 $11 23. g4 Ne7) 23. g4 (23. Qd2+ $142 $1 Kxh5 24. g4+ $1 {[%mdl 512]} Kg6 25. gxf5+ Kh7 26. Rg2) 23... Rg8 $2 (23... Qxc3 $16 24. gxf5 Rg8+ 25. Ng3 Kg7) 24. Qd2+ $2 (24. Nf6 $1 $18 {[%cal Rf6g8] is the precise move to win.} Rg5 25. Qf3) 24... Kg6 $16 25. Rbf1 ({White must play} 25. Rf3 $1 $16) 25... Qe7 (25... Bd7 $11 {remains equal.}) 26. Rg2 ({Only move:} 26. Qe2 $1 $16 Qg5 27. h4 $1 {[%mdl 512]} Qxh4 28. Rh2) 26... Bd7 $2 {[%mdl 8192]} (26... Nh4 $1 $11 {and Black is okay.} 27. Rg3 Bd7) 27. gxf5+ $18 Kxh5 28. Qe2+ Kh6 {[#]} 29. Qe3+ $2 (29. Rf3 $1 $18 {[%cal Rf3h3] White threatens Rh3+ and mate.} Rxg2+ 30. Qxg2) 29... Kh5 $11 {aiming for ...Rxg2+.} 30. Qf3+ $40 {[%mdl 128] White mounts an attack.} Kh4 31. Qf2+ Kh5 {Strongly threatening ...Rxg2+.} 32. Qe2+ Kh4 $2 {[%mdl 8192]} (32... Kh6 $11 33. Rf3 Qh4 34. Qe3+ Kh7) 33. Rf4+ {Precision: White = 31%, Black = 23%.} 1-0

[Event "ESP-ch Rapid 2018"]
[Site "Linares"]
[Date "2018.08.19"]
[Round "2"]
[White "Matnadze, Ana"]
[Black "Blazquez Gomez, Miguel"]
[Result "1-0"]
[WhiteElo "2378"]
[BlackElo "1998"]
[Annotator "TA"]
[PlyCount "98"]
[EventDate "2018.08.19"]
[EventType "team-tourn"]
[EventCountry "ESP"]
[SourceTitle "playchess.com"]
[Source "ChessBase"]
[SourceQuality "1"]

{[%evp 14,98,-9,-23,9,-4,8,-33,-7,-25,-20,-27,-15,-43,-19,-53,-39,-69,-26,-32,-21,-29,-19,-66,-63,-77,-60,-108,-96,-91,-98,-123,-18,-31,31,22,26,14,47,0,39,-53,60,46,50,88,118,9,22,66,139,88,88,81,238,41,35,25,27,21,50,0,0,-17,0,0,0,0,18,18,10,0,0,0,0,0,0,0,0,0,0,0,0,0,1121,1121,1103]} 1. d4 b5 2. Nf3 Nf6 3. g3 Bb7 4. Bg2 e6 5. O-O c5 6. a4 b4 7. c4 cxd4 {A46: 1 d4 Nf6 2 Nf3 e6: Torre, London and Colle Systems} 8. b3 {LiveBook: 4 Games} (8. a5 Na6 9. Nxd4 Bxg2 10. Kxg2 Qc8 11. b3 Be7 12. Nd2 d5 13. Bb2 O-O 14. e3 e5 15. Ne2 dxc4 16. Nxc4 {0-1 (72) Dragnev,V (2458)-Meskovs,N (2538) Katowice 2017}) 8... a5 $146 ({Predecessor:} 8... Bc5 9. Bb2 Bxf3 10. exf3 Nc6 11. f4 O-O 12. Nd2 Rc8 13. Nf3 Qb6 14. Ne5 Rfd8 15. Qd3 Nxe5 16. fxe5 {½-½ (42) Trichkov,V (2338)-Hinks Edwards,T (2370) Czechia 2015}) 9. Bb2 Be7 {The position is equal.} 10. Bxd4 O-O 11. Nbd2 d6 12. Qc2 Nbd7 13. Rad1 Qc7 14. Qb1 Rac8 15. e4 Rfd8 16. Rfe1 e5 17. Be3 Nc5 18. Nh4 g6 $1 19. Bg5 Rb8 20. f3 Ne6 21. Be3 Nh5 22. Bh3 {[#]} Bc8 (22... Nef4 $1 $17 {[%cal Rf4h3]} 23. Bg4 Bxh4 24. Bxh5 Nxh5 25. gxh4 Qd7) 23. Ng2 $11 Ng5 (23... Nf6 $15) 24. Bxc8 $14 Qxc8 25. Qd3 Nh3+ 26. Kf1 Qe6 27. Ke2 ({White should try} 27. Qd5 $14) 27... f5 ({Better is} 27... Nf6 $1 $15) 28. Qd5 Qxd5 29. cxd5 Rdc8 {[#]} 30. Nc4 ({Only move:} 30. exf5 $1 $16 Rc3 31. fxg6) 30... fxe4 $11 31. fxe4 Ng5 (31... Rxc4 $14 32. bxc4 Nf6) 32. Bxg5 ({Weaker is} 32. Nxa5 Nxe4 33. Bd2 Nxd2 $11) (32. g4 $142 Nf4+ 33. Nxf4 exf4 34. Bd4 (34. Bxf4 Nxe4 35. Rd4 Nc5 $16)) 32... Bxg5 $16 33. Rf1 ({Don't go for} 33. Nxd6 $2 Rc2+ 34. Kf3 h6 $19) 33... Be7 $2 (33... Kg7 $16) 34. Kd3 $2 (34. Nxa5 $18 {Threatens to win with Nc6.} Rc2+ 35. Rd2) 34... Nf6 $14 35. Nge3 Nd7 36. Ke2 Nc5 37. Nd2 Bg5 38. h4 Bh6 39. Rf6 Rd8 40. Nec4 Bxd2 (40... Rd7 {keeps more tension.} 41. Rdf1 Nb7 42. Rc1 Rc7 43. Rcf1 Rd8) 41. Nxd2 Rb7 42. Ke3 Rf7 43. Rxf7 Kxf7 $11 {[%mdl 4096] Endgame KRN-KRN} 44. Rb1 Ke7 45. Nc4 Ra8 46. Nd2 Rf8 47. Rc1 Kd7 48. Nc4 {Strongly threatening Nxe5+!} Ra8 $2 {[%mdl 8192]} (48... Nxb3 $11 49. Nb6+ Ke8 50. Rc8+ Kf7) 49. Nb6+ $18 Kd8 {Precision: White = 31%, Black = 30%.} 1-0

[Event "ESP-ch Rapid 2018"]
[Site "Linares"]
[Date "2018.08.19"]
[Round "2"]
[White "Garcia Cuenca, Victor"]
[Black "Bento Iglesias, Pablo"]
[Result "1-0"]
[WhiteElo "2351"]
[BlackElo "2007"]
[Annotator "TA"]
[PlyCount "89"]
[EventDate "2018.08.19"]
[EventType "team-tourn"]
[EventCountry "ESP"]
[SourceTitle "playchess.com"]
[Source "ChessBase"]
[SourceQuality "1"]

{[%evp 13,89,18,20,10,66,53,90,90,119,128,122,119,116,112,122,122,143,134,140,131,137,129,141,121,122,112,139,141,179,179,167,149,177,164,161,133,144,141,189,141,157,127,144,152,141,141,189,160,211,198,336,242,275,234,498,487,520,501,779,764,691,613,1413,1297,29959,3691,29968,1918,29971,29972,29983,29984,29985,29986,29987,29987,29987,29988]} 1. d4 e6 2. c4 b6 3. Nc3 Bb7 4. a3 f5 5. Nf3 Nf6 6. e3 {A40: Verschiedene (seltene) Antworten auf 1.d4} (6. d5 Na6 7. g3 g6 8. Bg2 Bg7 9. O-O Nc5 10. Be3 O-O 11. Rc1 Qe7 12. Nb5 d6 13. Ng5 Ng4 14. Bxc5 Qxg5 {0-1 (41) Lenic,L (2662)-Meier,G (2648) chess.com INT 2018}) 6... Be7 7. Bd3 O-O {LiveBook: 3 Partien} 8. Qc2 {Die Stellung ist ausgeglichen.} d6 $146 (8... Qe8 $11) ({Vorgänger:} 8... c5 9. d5 exd5 10. cxd5 g6 11. O-O Kg7 12. Bc4 a6 13. a4 b5 14. axb5 axb5 15. Rxa8 Bxa8 16. Nxb5 Nxd5 17. Bd2 Nb6 18. Bc3+ Kh6 19. Be2 Be4 {½-½ (19) Manojlovic,S (2161)-Vlahovic,B (2322) Kraljevo 2015}) 9. e4 fxe4 10. Nxe4 {zielt auf Seg5 ab.} Nxe4 11. Bxe4 Bxe4 12. Qxe4 Nd7 13. Qxe6+ Kh8 14. O-O Bf6 15. b4 Re8 16. Qd5 Nf8 17. Bg5 Ne6 {[%cal Re6g5]} 18. Be3 Qd7 19. Rad1 {[%cal Ba1d1,Bd1d3,Bd3h3][%mdl 32]} c6 20. Qf5 d5 {[#]} 21. Ne5 $1 {[%cal Re5d7]} Bxe5 22. dxe5 Rad8 23. cxd5 cxd5 24. Rd3 d4 25. Bc1 Qb5 26. Rfd1 a5 27. bxa5 bxa5 28. Rh3 $40 {[%csl Gh3][%cal Rf5h7][%mdl 128] [#] Weiss greift entschieden an.} Nf8 29. f4 Rc8 30. Qd3 Qb6 (30... Qxd3 $16 31. Rhxd3 Ne6) 31. Bd2 $18 Rb8 (31... Kg8 {war einen Versuch wert.} 32. Rf1 Qc5 33. Qb3+ Kh8) 32. Be1 h6 33. Bf2 Red8 $2 (33... Ne6 {war nötig.}) 34. Bxd4 Qc6 {Droht stark ...Se6.} 35. f5 Rb2 (35... Rb7 $142 36. e6 Kg8) 36. Bxb2 Rxd3 37. Rhxd3 Qc5+ 38. Bd4 Qc2 39. e6 Qe2 40. h3 (40. Be3 $142 Nxe6 41. fxe6 Kg8 42. e7 Kf7 43. Bc5 Qe5 44. Rf1+ Kg6 45. Re3) 40... Nxe6 41. fxe6 {Weiß setzt Matt.} Qxe6 42. Rg3 Qe2 43. Bxg7+ Kh7 44. Rd8 {[%csl Gg7][%cal Rd8h8]} Qe1+ 45. Kh2 {Precision: Weiß = 63%, Schwarz = 16%.} 1-0

[Event "ESP-ch Rapid 2018"]
[Site "Linares"]
[Date "2018.08.19"]
[Round "2"]
[White "Estremera Panos, Sergio"]
[Black "De La Fuente Gonzalez, Francisco"]
[Result "1-0"]
[WhiteElo "2337"]
[BlackElo "2174"]
[Annotator "TA"]
[PlyCount "47"]
[EventDate "2018.08.19"]
[EventType "team-tourn"]
[EventCountry "ESP"]
[SourceTitle "playchess.com"]
[Source "ChessBase"]
[SourceQuality "1"]

{[%evp 26,47,23,25,59,48,76,71,72,75,146,135,147,148,137,147,235,188,174,175,174,177,407,403]} 1. d4 d5 2. c4 c6 3. Nf3 Nf6 4. e3 a6 5. Nc3 b5 6. b3 Bg4 7. Be2 e6 8. O-O Bd6 9. Bb2 Nbd7 10. h3 Bh5 11. Ne5 Bxe2 12. Nxe2 Qc7 13. cxd5 {D15: Slav Defence: 4 Nc3 a6 and gambit lines after 4 Nc3 dxc4} cxd5 14. Rc1 {LiveBook: 118 Games} Qb7 (14... Qb8 15. Nxd7 Nxd7 16. e4 O-O 17. e5 Be7 18. f4 f5 19. Rc6 Qb7 20. Rxe6 Kf7 21. Rxe7+ Kxe7 22. Qe1 Kf7 {1-0 (45) Bruzon Batista,L (2689)-Cubas,J (2536) Montevideo 2011}) 15. Qc2 {White is slightly better.} O-O 16. Qc6 Qxc6 17. Rxc6 Bxe5 $146 (17... Be7 $142) ({Predecessor:} 17... Bb8 18. Rfc1 a5 19. Nxd7 Nxd7 20. Nc3 b4 {½-½ (44) Kuzubov,Y (2475)-Onoprienko,V (2374) Alushta 2004}) 18. dxe5 $16 Rfc8 {[#]} 19. Rfc1 $1 Rxc6 20. Rxc6 Ne4 (20... Ne8 $16 21. a4 bxa4) 21. f3 $36 {[%mdl 2048] Black is under strong pressure.} Nec5 22. Bd4 {Black must now prevent Rc7.} Nd3 23. f4 {Threatens to win with Rc3.} Kf8 $2 {[#]} (23... a5 24. Rc3 Nb4) 24. Rc3 $1 1-0

[Event "ESP-ch Rapid 2018"]
[Site "Linares"]
[Date "2018.08.19"]
[Round "2"]
[White "Gavilan Diaz, Mario"]
[Black "Gomez Sanjuan, Hector Fernando"]
[Result "1/2-1/2"]
[WhiteElo "2334"]
[BlackElo "2146"]
[Annotator "TA"]
[PlyCount "133"]
[EventDate "2018.08.19"]
[EventType "team-tourn"]
[EventCountry "ESP"]
[SourceTitle "playchess.com"]
[Source "ChessBase"]
[SourceQuality "1"]

{[%evp 20,133,56,48,56,27,74,58,71,69,84,77,94,89,220,222,213,206,187,201,209,213,181,172,168,31,34,41,43,25,274,12,8,5,3,0,0,-10,0,0,0,-33,0,0,0,0,0,0,0,0,14,0,30,14,14,14,14,14,23,15,27,14,14,14,14,14,14,14,15,14,14,14,14,14,14,14,14,14,39,0,14,14,14,14,14,14,14,0,14,14,14,14,14,14,14,0,14,7,14,14,14,0,0,-288,14,0,14,14,14,0,14,14,14,0,0,0]} 1. d4 Nf6 2. c4 c5 3. d5 b5 4. Qc2 bxc4 5. e4 d6 6. Bxc4 g6 7. Nf3 Bg7 8. O-O O-O 9. Nc3 Nbd7 10. h3 Nb6 {A57: Wolga/Benkö-Gambit} (10... Rb8 11. Re1 Nh5 12. Be2 Ne5 13. Nxe5 Bxe5 14. Bxh5 gxh5 15. Bh6 Re8 16. Qd2 Kh8 17. Bf4 Bd4 18. Be3 {0-1 (63) Dreev,A (2644)-Perunovic,M (2622) Berlin 2015}) 11. Be2 {LiveBook: 31 Partien} Bb7 12. Bf4 Nfd7 {Weiß hat minimalen Vorteil.} 13. Rfd1 Qc7 $146 ({Vorgänger:} 13... h6 14. Qd2 Kh7 15. Bd3 a5 16. Re1 c4 17. Bc2 Nc5 18. Rad1 {½-½ (60) Marschall,J (2085)-Sarana Hungeling,O (2252) Bad Wiessee 2000}) 14. a4 {[%cal Ba2a4,Ba4a5][%mdl 32]} Nf6 15. a5 Nbd7 {[%cal Bb6d7,Bd7b8,Bb8c6,Bc6d4][%mdl 32]} 16. Nd2 $36 {[%mdl 2048] Läuft bei Weiss.} Rab8 (16... Rfb8 $16) 17. Nb5 $1 $18 {[%csl LRa7,LRc7]} Qd8 18. Nxa7 Ra8 19. Nc6 Bxc6 20. dxc6 Nb8 21. e5 Nd5 22. Bg3 (22. Bf3 $18 Nxf4 {[#]} 23. c7 $1 {[%mdl 512]} Qxc7 24. exd6 (24. Bxa8 Bxe5 25. a6 Ne2+ 26. Kh1 Nd4 $16) 24... exd6 25. Bxa8) 22... Nxc6 $14 23. exd6 Nd4 24. Qc4 {Droht stark Sb3.} exd6 $2 (24... e6 $11 {und Schwarz ist OK.}) 25. Ne4 $2 (25. Bf3 $1 $18 {[%cal Rf3d5]} Nc7 26. Bxa8 Nxa8 27. Nf3) 25... Rxa5 $11 26. Rxa5 ({Nur nicht} 26. Bxd6 $2 Nb6 $19) 26... Qxa5 27. Nxd6 Nb6 {[%cal Bd5b6,Bb6a4,Ba4b2][%mdl 32]} 28. Qd3 Qb4 29. Bf1 Na4 30. Nc4 Nxb2 31. Nxb2 Qxb2 32. Bd6 $1 {[%cal Rd6f8]} Rc8 33. Qa6 Re8 34. Bxc5 Ne6 35. Be3 Qe5 36. Qb5 Qxb5 37. Bxb5 Rb8 38. Bc4 Re8 39. g3 Bf6 40. h4 Kg7 41. Rd7 Re7 42. Rd6 h5 43. Kg2 Bb2 44. Kf3 Be5 45. Ra6 Nd4+ 46. Kg2 Nf5 47. Bg5 Rc7 48. Bd3 Nd4 49. Ra5 Bf6 50. Bf4 Re7 51. Rd5 Ne6 52. Be3 Rc7 53. Rd6 Nc5 54. Be2 Ne6 55. Bf3 Be5 56. Rd5 (56. Rd3 {seems wilder.} Rc4 57. Bd5 Rc3 58. Rd2 Ra3 59. Bf3) 56... Bf6 57. Rb5 Rd7 58. Ra5 Rc7 59. Ra6 Rd7 60. Be4 Bd4 {[#] Weiss muss nun ...Lxe3 beachten.} 61. Bc1 $2 {[%mdl 8192]} (61. Bc6 $11 Rd6 62. Bxd4+ Nxd4 63. Bb7 Rxa6 64. Bxa6) 61... Bf6 $2 (61... Nc5 $19 62. Bf5 gxf5) 62. Be3 {Die Stellung ist ausgeglichen.} Nd4 63. Ra4 Ne6 64. Ra6 Nd4 65. Rb6 Ne6 66. Ra6 Bd4 {Droht ...Lxe3 und aus.} 67. Bxd4+ {Precision: Weiß = 46%, Schwarz = 52%.} 1/2-1/2

[Event "ESP-ch Rapid 2018"]
[Site "Linares"]
[Date "2018.08.19"]
[Round "2"]
[White "Domingo Nunez, Ruben"]
[Black "Costa Tejedor, Juan Carlos"]
[Result "1-0"]
[WhiteElo "2318"]
[BlackElo "1817"]
[Annotator "TA"]
[PlyCount "50"]
[EventDate "2018.08.19"]
[EventType "team-tourn"]
[EventCountry "ESP"]
[SourceTitle "playchess.com"]
[Source "ChessBase"]
[SourceQuality "1"]

{[%evp 14,50,117,135,184,164,237,223,231,234,282,218,222,169,183,164,212,204,247,250,272,281,287,275,266,272,278,275,256,225,387,305,589,564,581,565,584,569,604]} 1. e4 c5 2. Nf3 e6 3. g3 Nc6 4. Bg2 g6 5. d4 cxd4 6. Nxd4 {B40: Sicilian: 2...e6, Unusual lines} Bg7 (6... Qb6 7. Nxc6 bxc6 8. Be3 Qc7 9. O-O Bg7 10. Bc5 d5 11. Nd2 Nf6 12. Re1 Bf8 13. Bxf8 Kxf8 {0-1 (49) Carlsen,M (2837)-Svidler,P (2749) Astana 2012}) 7. Nb5 Qa5+ 8. N1c3 {LiveBook: 3 Games. White is better.} Bxc3+ 9. Nxc3 Nf6 $146 (9... Kf8 $142 10. a3 Kg7) ({Predecessor:} 9... Kf8 10. O-O Kg7 11. Qd6 Qb4 12. Qd2 h5 {1-0 (42) Berend,F (2328)-Botta,G (2336) Geneve 2016}) 10. Bh6 $18 Rg8 11. Qf3 Ke7 12. h4 Qh5 13. Qxh5 Nxh5 14. O-O-O a6 15. Be3 f6 16. Bc5+ Kf7 17. Na4 {Hoping for Nb6.} b5 18. Nb6 Rb8 19. Nxc8 Rgxc8 20. Rxd7+ Kg8 {[#] White must now prevent ...Ne5.} 21. Bd6 Ra8 $2 (21... Rd8) 22. e5 Nxe5 $2 (22... fxe5 {keeps fighting.} 23. Bc5 Rab8) 23. Bxe5 {White is clearly winning.} fxe5 24. Bxa8 Rxa8 25. Rhd1 Ng7 {Precision: White = 82%, Black = 33%.} 1-0

[Event "ESP-ch Rapid 2018"]
[Site "Linares"]
[Date "2018.08.19"]
[Round "2"]
[White "Calzetta Ruiz, Monica"]
[Black "Vazquez Pino, Miguel A"]
[Result "1-0"]
[WhiteElo "2302"]
[BlackElo "1909"]
[Annotator "TA"]
[PlyCount "37"]
[EventDate "2018.08.19"]
[EventType "team-tourn"]
[EventCountry "ESP"]
[SourceTitle "playchess.com"]
[Source "ChessBase"]
[SourceQuality "1"]

{[%evp 18,37,-24,-18,0,-14,29,44,98,83,232,212,341,333,329,333,322,-25,1767,1691,29992,29993]} 1. e4 e6 2. d4 d5 3. Nd2 Nc6 4. Ngf3 Nf6 5. e5 Nd7 6. Bb5 a6 7. Bxc6 bxc6 8. O-O {C04: French Tarrasch: 3...Nc6} (8. c4 dxc4 9. Nxc4 Nb6 10. Na5 Qd5 11. Bd2 c5 12. dxc5 Bxc5 13. Qc2 Be7 14. O-O Qd7 15. Rfd1 Nd5 {1-0 (38) Naiditsch,A (2702)-Zaragatski,I (2495) Germany 2018}) 8... c5 9. c3 cxd4 10. cxd4 {LiveBook: 7 Games. Black has an edge.} c5 11. Nb3 cxd4 (11... c4 $5 {[%cal Rc4b3]} 12. Nbd2 Bb7 $15) 12. Nbxd4 Bb7 $146 {[#]} ({Better is} 12... Nc5 $14) ({Predecessor:} 12... Bc5 13. Bg5 Qb6 14. Qd2 Bxd4 15. Qxd4 Qxd4 16. Nxd4 Nxe5 {0-1 (34) Arruda,J (1508)-Da Silva Araujo,G (1799) Natal 2015}) 13. Bg5 $1 $16 {[%cal Rg5d8]} Qb8 (13... Be7 $16 {might work better.}) 14. Qa4 $18 Bc5 (14... h6 $142) 15. Rac1 Bxd4 16. Nxd4 ({Weaker is} 16. Qxd4 a5 $16) 16... Qxe5 17. Rfe1 $2 {[#]} (17. Bh4 $18 Qe4 18. Bg3) 17... Qd6 $2 {[%mdl 8192]} (17... Qxg5 $11 18. Rc7 O-O 19. Qxd7 Rad8) 18. Nf5 Qf8 19. Rc7 {Precision: White = 50%, Black =  4%.} 1-0